| 000 | 00748nam a2200229 4500 | ||
|---|---|---|---|
| 001 | 144943 | ||
| 003 | ES-MaACL | ||
| 005 | 20250928114916.0 | ||
| 007 | t| | ||
| 008 | 070214s1983 sp |||| | spa d | ||
| 080 | _a301.153.2:37 | ||
| 100 | 1 |
_aSimon, J.-C. _9148286 |
|
| 245 | 1 | 3 |
_aLa educación y la informatización de la sociedad / _cJean-Claude Simon ; traducción de Guillermo Solana. |
| 260 |
_aMadrid : _bNarcea, _c1983. |
||
| 300 |
_a268 p. ; _c24 cm. |
||
| 490 | 1 | _aEducación hoy. Estudios | |
| 650 | 4 |
_aEnseñanza asistida por ordenador. _912300 |
|
| 700 | 1 |
_aSolana, Guillermo, _d1930-2004 _9107067 |
|
| 830 | 0 | 0 |
_aColección educación hoy (Narcea) _9220320 |
| 852 |
_aES-MaACL _jL-5830 |
||
| 999 |
_c144943 _d144943 |
||